Suspensión del procedimiento a prueba : teoría y práctica /

Guardado en:
Autor Principal: Bovino, Alberto.
Otros Autores: Lopardo, Mauro., Rovatti, Pablo., Ledesma, Ángela., (prol.)
Formato: Libro
Idioma:Spanish
Publicado: Ciudad Autónoma de Buenos Aires : Del Puerto, 2013.
Edición:1a. ed.
Materias:
Etiquetas: Agregar Etiqueta
Sin Etiquetas, Sea el primero en etiquetar este registro!
LEADER 00683nam a22001935a 4500
001 DER.der014086
008 190917s2013####ag############000#0#spa#d
005 20250630171539.0
245 1 0 |a Suspensión del procedimiento a prueba :  |b teoría y práctica /  |c Alberto Bovino, Mauro Lopardo y Pablo Rovatti ; prólogo de Ángela Ester Ledesma. 
250 |a 1a. ed. 
260 |a Ciudad Autónoma de Buenos Aires :  |b Del Puerto,  |c 2013. 
300 |a 446 p. 
020 |a 9789871397938 
100 1 |a Bovino, Alberto. 
700 1 |a Lopardo, Mauro. 
700 1 |a Rovatti, Pablo. 
700 1 |a Ledesma, Ángela.,  |e prol. 
650 7 |a DERECHO PROCESAL PENAL 
859 |a DERECHO  |b BIB. DERECHO  |h 345.05  |i BOV  |p 009317